[Event "Open"]
[Site "Thun SUI"]
[Date "2008.05.11"]
[Round "4"]
[White "Balg,M"]
[Black "Rindlisbacher,L"]
[Result "0-1"]
[WhiteElo "2090"]
[BlackElo "1943"]

1.d4 Nf6 2.Nf3 g6 3.c4 Bg7 4.Nc3 d6 5.e4 O-O 6.Be2 e5 7.O-O Nc6 8.d5 Ne7
9.Nd2 Nd7 10.Nb3 f5 11.exf5 Nxf5 12.Ne4 a5 13.a4 Nb6 14.Bg5 Qe8 15.Qc2 Bd7
16.g4 Nd4 17.Nxd4 exd4 18.b3 d3 19.Qxd3 Bxa1 20.Rxa1 Qe5 21.Rf1 Rae8 22.f3 Bxg4
23.Nf6+ Rxf6 24.Bxf6 Qxf6 25.fxg4 Qe5 26.Bd1 Qe3+ 27.Qxe3 Rxe3 28.Kf2 Rd3
29.Ke2 Rh3 30.Rf2 Nd7 31.Kf1 Nc5 32.g5 Re3 33.h4 Nxb3 34.h5 gxh5 35.Bxh5 Re7
36.g6 hxg6 37.Bxg6 Nc5 38.Bh5 b6 39.Rg2+ Rg7 40.Ra2 Rg5 41.Be8 Rf5+ 42.Kg1 Kg7
43.Rg2+ Kf6 44.Rg6+ Ke7 45.Bb5 Kf7 46.Rh6 Kg7 47.Rh4 Re5 48.Kf1 Re7 49.Rh3 Kf6
50.Rh5 Kg6 51.Rh8 Kf5 52.Rh4 Ne4 53.Ke2 Nc3+ 54.Kd3 Nxb5 55.axb5 a4 56.Rh8 a3
57.Rf8+ Ke5 58.Rf2 Rh7 59.Re2+ Kf4 60.Rf2+ Kg3 61.Rf8 Rh2 62.Kc3 a2 63.Ra8 Kf3
64.Kb3 Ke3 65.Rxa2 Rxa2 66.Kxa2 Kd4 67.Kb3 Kd3 68.Kb4 Kc2  0-1

[Event "Kaupthing Open"]
[Site "Differdange LUX"]
[Date "2008.05.13"]
[Round "5"]
[White "Nezar,M"]
[Black "Stull,N"]
[Result "1-0"]
[WhiteElo "2397"]
[BlackElo "2185"]

1.d4 Nf6 2.c4 g6 3.Nc3 Bg7 4.e4 d6 5.Be2 O-O 6.Nf3 e5 7.O-O Nc6 8.d5 Ne7
9.Ne1 Nd7 10.Be3 f5 11.f3 f4 12.Bf2 g5 13.a4 a5 14.Nd3 b6 15.Be1 Rf7 16.b4 axb4
17.Nb5 Bf8 18.Bxb4 Rg7 19.a5 Ng6 20.axb6 Nxb6 21.Rxa8 Nxa8 22.c5 Ba6 23.Qa4 dxc5
24.Bxc5 c6 25.Qxa6 cxb5 26.d6 Rd7 27.Ra1  1-0

[Event "III President's Cup"]
[Site "Baku AZE"]
[Date "2008.05.15"]
[Round "4"]
[White "Malakhatko,V"]
[Black "Babaev,Ra"]
[Result "1/2-1/2"]
[WhiteElo "2621"]
[BlackElo "2482"]

1.d4 Nf6 2.c4 g6 3.Nc3 Bg7 4.e4 d6 5.Nf3 O-O 6.Be2 e5 7.O-O Nc6 8.d5 Ne7
9.b4 a5 10.Ba3 Nh5 11.c5 axb4 12.Bxb4 Nf4 13.Nb5 c6 14.Nc7 Nxe2+ 15.Qxe2 Ra4
16.Qe1 Nxd5 17.Nxd5 cxd5 18.cxd6 dxe4 19.Qxe4 Bf5 20.Qc4 Qb6 21.a3 e4 22.Nh4 Be6
23.Qxe4 Bxa1 24.Rxa1 Rd8 25.Qf4 Qxb4 26.Qxb4 Rxb4 27.axb4 Rxd6 28.Nf3 Rd5
29.h3 Rb5 30.Nd4 Rxb4 31.Nxe6 fxe6 32.Rd1 b5 33.Rd7 Rb1+ 34.Kh2 b4 35.h4 b3
36.Rb7 b2 37.g3 e5 38.Kg2 e4 39.Kh2 h5 40.Kg2 Kf8 41.Kh2 Ke8 42.Kg2 Kd8 43.Kh2 Kc8
44.Rb5 Kc7 45.Rb3 Kc6 46.Kg2 Kc5 47.Rb7 Kc4 48.Rc7+ Kd3 49.Rb7  1/2-1/2

[Event "Mayors Cup Open"]
[Site "Mumbai IND"]
[Date "2008.05.15"]
[Round "7"]
[White "Swayams,M"]
[Black "Majumdar,C"]
[Result "1-0"]
[WhiteElo "2235"]
[BlackElo "2008"]

1.d4 Nf6 2.c4 g6 3.Nc3 Bg7 4.e4 d6 5.Nf3 O-O 6.Be2 e5 7.O-O Nc6 8.d5 Ne7
9.Ne1 Nd7 10.Be3 f5 11.f3 f4 12.Bf2 g5 13.a4 a5 14.Nd3 b6 15.b4 axb4 16.Nxb4 Nc5
17.Nd3 Nxd3 18.Qxd3 h5 19.Ra2 Ng6 20.Rfa1 g4 21.Qd2 Ra5 22.Nd1 Bf6 23.Qe1 Kh8
24.Kh1 Rg8 25.c5 dxc5 26.Nb2 Bh4 27.Bxh4 Nxh4 28.Nc4 Qg5 29.Nxe5 Qxe5 30.Qxh4 g3
31.hxg3 Rxg3 32.Rd1 Rg6 33.d6 cxd6 34.Rd5 Qf6 35.Rxh5+ Kg8 36.Bc4+ Be6 37.Bxe6+ Qxe6
38.Qd8+ Kf7 39.Rh7+ Rg7 40.Qc7+  1-0

[Event "LXXII ch-CRC Fase 1"]
[Site "Moravia CRC"]
[Date "2008.05.18"]
[Round "2"]
[White "Bermudez,S"]
[Black "Brenes,J"]
[Result "1-0"]
[WhiteElo "2180"]
[BlackElo "1968"]

1.d4 Nf6 2.c4 g6 3.Nc3 Bg7 4.e4 d6 5.Nf3 O-O 6.Be2 e5 7.O-O Nc6 8.d5 Ne7
9.b4 Nh5 10.Re1 Nf4 11.Bxf4 exf4 12.Rc1 h6 13.Nd4 g5 14.c5 Ng6 15.Nf5 Bxf5
16.exf5 Nh4 17.Bd3 Bxc3 18.Rxc3 Qf6 19.Rc4 Nxf5 20.Rce4 a5 21.a3 axb4 22.axb4 Ra2
23.Bb1 Ra1 24.Qd3 Qg7 25.R4e2 f3 26.gxf3 Nh4 27.Qh7+ Qxh7 28.Bxh7+ Kxh7 29.Rxa1 Nxf3+
30.Kg2 Ne5 31.Ra7 Rb8 32.cxd6 cxd6 33.Re3 f5 34.Rc3 f4 35.f3 g4 36.fxg4 f3+
37.Rxf3 Nxf3 38.Kxf3 Rf8+ 39.Ke4 Rf7 40.Ra3 Kg6 41.Rf3 Re7+ 42.Kd4 Kg5 43.h3 b5
44.Rf5+ Kg6 45.Rf8 Rc7 46.Rg8+ Kf6 47.Rf8+ Ke7 48.Rh8 Rc4+ 49.Kd3 Rxb4 50.Rxh6 Rf4
51.Ke3 Ra4 52.g5 Ra3+ 53.Ke4 Ra4+ 54.Kf5 Rd4 55.Rh7+ Kf8 56.Ke6 b4 57.Rf7+ Kg8
58.Rb7  1-0

[Event "LXXII ch-CRC Fase 1"]
[Site "Moravia CRC"]
[Date "2008.05.19"]
[Round "3"]
[White "Alfaro Rojas,A"]
[Black "Machado Ramirez,A"]
[Result "1/2-1/2"]
[WhiteElo "2116"]
[BlackElo "2068"]

1.d4 Nf6 2.c4 g6 3.Nc3 Bg7 4.e4 d6 5.Nf3 O-O 6.Be2 e5 7.O-O Nc6 8.d5 Ne7
9.b4 Nd7 10.Nd2 f5 11.Bf3 Nf6 12.a4 f4 13.g4 g5 14.Be2 Ng6 15.f3 Rf7 16.c5 Bf8
17.Nb3 Nh4 18.Kf2 h5 19.h3 hxg4 20.hxg4 Rh7 21.Rh1 Ne8 22.Ba3 Bd7 23.Rc1 Qf6
24.Bb5 a6 25.Bxd7 Rxd7 26.cxd6 cxd6 27.Qd3 Be7 28.a5 Bd8 29.Na4 Qf7 30.Nd2 Rc7
31.Rxc7 Nxc7 32.Bb2 Nb5 33.Nc4 Rc8 34.Rc1 Qh7 35.Rh1 Qe7 36.Ke2 Qe8 37.Nab6 Bxb6
38.Nxb6 Rc7  1/2-1/2

[Event "17th Open"]
[Site "Chicago USA"]
[Date "2008.05.25"]
[Round "5"]
[White "Gurevich,D"]
[Black "Zenyuk,I"]
[Result "1-0"]
[WhiteElo "2513"]
[BlackElo "2233"]

1.d4 Nf6 2.c4 g6 3.Nc3 Bg7 4.e4 d6 5.Nf3 O-O 6.Be2 e5 7.O-O Nc6 8.d5 Ne7
9.Ne1 Ne8 10.Be3 f5 11.f3 Nf6 12.c5 f4 13.Bf2 g5 14.Rc1 Ng6 15.cxd6 cxd6
16.Nb5 Rf7 17.Nxa7 Bd7 18.Qb3 g4 19.Bb6 Qb8 20.Nb5 gxf3 21.gxf3 Ne8 22.Kh1 Bf6
23.Rg1 Bd8 24.Bf2 Ba5 25.Ng2 Kh8 26.Na3 Bd2 27.Ra1 Ba4 28.Qd3 Bb4 29.Nc4 Bb5
30.Qb3 Bxc4 31.Bxc4 b5 32.Bf1 Ba5 33.Bxb5 Rb7 34.a4 Nc7 35.Nh4 Nxb5 36.axb5 Rxb5
37.Qa4 Rxb2 38.Nxg6+ hxg6 39.Rxg6 Rb1+ 40.Rxb1 Qxb1+ 41.Kg2 Qb7 42.Qc6 Qxc6
43.dxc6 Bc7 44.Bh4 Kh7 45.Re6 Rc8 46.Re7+ Kg8 47.Rd7  1-0

[Event "XXVII Open"]
[Site "Zalakarosi HUN"]
[Date "2008.05.25"]
[Round "4"]
[White "Wang Puchen"]
[Black "Csirik,A"]
[Result "0-1"]
[WhiteElo "2397"]
[BlackElo "2225"]

1.d4 Nf6 2.c4 g6 3.Nc3 Bg7 4.e4 d6 5.Nf3 O-O 6.Be2 e5 7.O-O Nc6 8.d5 Ne7
9.b4 Nh5 10.Re1 f5 11.Ng5 Nf6 12.Bf3 h6 13.Ne6 Bxe6 14.dxe6 c6 15.Bb2 Qc7
16.Qb3 a5 17.c5 fxe4 18.cxd6 Qxd6 19.Nxe4 Qxb4 20.Qxb4 axb4 21.Nd6 e4 22.Nxe4 Nxe4
23.Bxg7 Kxg7 24.Bxe4 Rfd8 25.Bc2 c5 26.Kf1 c4 27.Reb1 Nd5 28.g3 Kf6 29.Be4 Nc3
30.Bxb7 Rxa2 31.e7 Kxe7 32.Rxa2 Nxa2 33.Ke1 Rb8 34.Ba6 c3  0-1

[Event "Doroshkevich mem"]
[Site "Maykop RUS"]
[Date "2008.05.29"]
[Round "6"]
[White "Zakhartsov,Vi"]
[Black "Weetik,V"]
[Result "0-1"]
[WhiteElo "2580"]
[BlackElo "2407"]

1.Nf3 Nf6 2.c4 g6 3.Nc3 Bg7 4.e4 d6 5.d4 O-O 6.Be2 e5 7.O-O Nc6 8.d5 Ne7
9.b4 Nh5 10.Re1 Nf4 11.Bf1 a5 12.bxa5 Rxa5 13.a4 c5 14.Nb5 Ra6 15.Ra3 Kh8
16.Nd2 Ng8 17.g3 Nh5 18.Bg2 Bd7 19.Bb2 Qe7 20.Rf1 Raa8 21.Qe2 Nh6 22.a5 Bg4
23.Qe3 Bd7 24.Rfa1 f5 25.exf5 Nxf5 26.Qe2 Nf6 27.f4 Rae8 28.fxe5 dxe5 29.Nc7 Nd4
30.Bxd4 exd4 31.Qxe7 Rxe7 32.Ne6 Bxe6 33.dxe6 Bh6 34.Nf1 Ng4 35.Rf3 Rfe8
36.Rf7 Rxe6 37.Rxb7 d3 38.Bf3 Bg7 39.Rd1 Bd4+ 40.Kg2 Re2+ 41.Bxe2 dxe2 42.Rdb1 exf1=Q+
43.Kxf1 Ne3+ 44.Ke2 Nxc4+ 45.Kd3 Nxa5 46.Rc7 Rd8 47.Ke2 Nc4 48.Rbb7 h5 49.Rh7+ Kg8
50.Rhc7 Re8+ 51.Kd3 Ne5+ 52.Kc2 Ng4 53.Rc6 Nf6 54.Kd3 Rf8 55.Rcc7 Ng4 56.Rb6 Nf6
57.Rbb7 Ng4 58.Rb6 Ne5+ 59.Ke4 Rf7 60.Rxf7 Kxf7 61.h3 Nd7 62.Rd6 Nf6+ 63.Kf4 Bb2
64.Rc6 Bd4 65.Rd6 Ne8 66.Rc6 Ng7 67.Rc7+ Kf6 68.Rc6+ Ne6+ 69.Ke4 Kf7 70.Kd5 Ng7
71.Ke4 Nf5 72.g4 Ng3+ 73.Kf3 h4 74.Kf4 Bg1 75.Ke5 g5 76.Rc7+ Ke8 77.Kf6 Kd8
78.Re7 Bd4+ 79.Ke6 Ne4 80.Rd7+ Kc8 81.Rd5 Kc7 82.Rf5 Kc6 83.Rf8 Nf2 84.Kf5 Nxh3
85.Rd8 Nf2  0-1

[Event "82nd ch-ARG"]
[Site "Mendoza ARG"]
[Date "2008.05.31"]
[Round "11"]
[White "Salguero,F"]
[Black "Valerga,D"]
[Result "0-1"]
[WhiteElo "2320"]
[BlackElo "2482"]

1.Nf3 Nf6 2.c4 g6 3.Nc3 Bg7 4.e4 d6 5.d4 O-O 6.Be2 e5 7.O-O Nc6 8.Be3 Ng4
9.Bg5 f6 10.Bc1 f5 11.Bg5 Bf6 12.Bxf6 Qxf6 13.d5 Nd8 14.c5 Nf7 15.Nd2 h5
16.Rc1 Qh4 17.Nf3 Qe7 18.Qd2 dxc5 19.h3 Nf6 20.Nh4 Kh7 21.exf5 Bxf5 22.Nxf5 gxf5
23.b4 cxb4 24.Nb5 Rfc8 25.Qd3 e4 26.Qg3 Nxd5 27.Bc4 Nc3 28.Nxc3 bxc3 29.Bxf7 Qxf7
30.Rxc3 c6 31.Qf4 Rf8 32.f3 Rae8 33.Rb1 Re7 34.a4 Qf6 35.Rbc1 Qh6 36.Qh4 Rff7
37.Re1 Rg7 38.f4 Qg6 39.Re2 Rd7 40.Rg3 Rd1+ 41.Kh2 Qxg3+ 42.Qxg3 Rh1+ 43.Kxh1 Rxg3
44.Rb2 Rg7 45.a5 Kg6 46.Kg1 Kf6 47.Kf2 Ke6 48.Rc2 Rc7 49.Rc5 b6 50.Re5+ Kf6
51.Re8 bxa5 52.Ke3 c5 53.Rf8+ Ke6 54.Rh8 a4 55.Rh6+ Kd5 56.Ra6 Rg7 57.Kf2 Kd4
58.Rxa4+ c4 59.Ra6 c3 60.Ra4+ Kd3 61.Ra5 c2  0-1

[Event "XXX Nezhmetdinov Mem"]
[Site "Kazan RUS"]
[Date "2008.06.04"]
[Round "4"]
[White "Kamov,I"]
[Black "Sharafiev,A"]
[Result "1/2-1/2"]
[WhiteElo "2252"]
[BlackElo "2398"]

1.d4 Nf6 2.c4 g6 3.Nc3 Bg7 4.e4 O-O 5.Nf3 d6 6.Be2 e5 7.O-O Nc6 8.d5 Ne7
9.b4 Nh5 10.Re1 f5 11.a4 Nf6 12.Nd2 Bh6 13.Bf3 fxe4  1/2-1/2

[Event "58th ch-RUS w HL"]
[Site "Chelyabinsk RUS"]
[Date "2008.06.06"]
[Round "3"]
[White "Shaidullina,S"]
[Black "Semenova,Ir"]
[Result "1-0"]
[WhiteElo "2298"]
[BlackElo "2277"]

1.d4 Nf6 2.c4 g6 3.Nc3 Bg7 4.e4 d6 5.Be2 O-O 6.Nf3 e5 7.O-O Nc6 8.d5 Ne7
9.b4 Nh5 10.Re1 a5 11.Ba3 Nf4 12.Bf1 axb4 13.Bxb4 Bg4 14.c5 f5 15.h3 Bh5
16.cxd6 cxd6 17.Kh2 Qb6 18.Rb1 Rad8 19.Ba3 Qxf2 20.Qd2 Qa7 21.Nb5 Qb8 22.Ng5 Bf6
23.Ne6 Nxe6 24.dxe6 d5 25.Bc5 dxe4 26.Qb4 Nd5 27.Qa3 Rfe8 28.Nd6 Rxe6 29.Rxb7 Qa8
30.Qxa8 Rxa8 31.Bc4 Nf4 32.g3 Kh8 33.gxf4 Rxd6 34.Bxd6 exf4 35.Bxf4 g5 36.Rb8+ Rxb8
37.Bxb8 Bd4 38.Be6 Bg6 39.Rd1 Bf6 40.a4 e3 41.a5 f4 42.Bg4 h5 43.Bf3 Bf5
44.a6 g4 45.hxg4 hxg4 46.a7 gxf3 47.a8=Q  1-0

[Event "115th ch-SCO"]
[Site "Glasgow SCO"]
[Date "2008.06.06"]
[Round "2"]
[White "Markos,J"]
[Black "Tate,A"]
[Result "1-0"]
[WhiteElo "2565"]
[BlackElo "2167"]

1.d4 Nf6 2.c4 g6 3.Nc3 Bg7 4.e4 d6 5.Nf3 O-O 6.Be2 e5 7.O-O Nc6 8.d5 Ne7
9.b4 a5 10.Ba3 b6 11.bxa5 Nh5 12.g3 Nf6 13.Bb4 bxa5 14.Ba3 Bh3 15.Re1 Bh6
16.c5 Ng4 17.Bc1 Bxc1 18.Rxc1 h6 19.Nd2 f5 20.Nb5 h5 21.Bf1 Bxf1 22.Rxf1 Rb8
23.cxd6 Rxb5 24.dxe7 Qxe7 25.Rc6 Rf6 26.Qc2 Rb7 27.h3 Nh6 28.Rc1 Rxc6 29.Qxc6 Rb6
30.Qa8+ Kg7 31.Qa7  1-0

[Event "XXX Nezhmetdinov Mem"]
[Site "Kazan RUS"]
[Date "2008.06.06"]
[Round "6"]
[White "Mirzanurov,B"]
[Black "Bashkirov,A"]
[Result "0-1"]
[WhiteElo "2321"]
[BlackElo "2133"]

1.d4 Nf6 2.c4 g6 3.Nc3 Bg7 4.e4 d6 5.Nf3 O-O 6.Be2 e5 7.O-O Nc6 8.d5 Ne7
9.Nd2 Ne8 10.b4 f5 11.a4 Nf6 12.f3 f4 13.c5 g5 14.Nc4  0-1

[Event "ch-LIB"]
[Site "Beirut LIB"]
[Date "2008.06.07"]
[Round "4"]
[White "Shamieh,M"]
[Black "Maasarani,M"]
[Result "1/2-1/2"]
[WhiteElo "2196"]
[BlackElo "2143"]

1.Nf3 Nf6 2.c4 g6 3.Nc3 Bg7 4.e4 d6 5.d4 O-O 6.Be2 Nc6 7.O-O e5 8.d5 Ne7
9.b4 Nd7 10.Ba3 b6 11.Nd2 a5 12.bxa5 Rxa5 13.Bb4 Ra8 14.a4 f5 15.a5 Nc5 16.axb6 Rxa1
17.Qxa1 cxb6 18.Qa3 Bh6 19.Rd1  1/2-1/2

[Event "TCh-BIH"]
[Site "Neum BIH"]
[Date "2008.06.10"]
[Round "7"]
[White "Popovic,ZoranM"]
[Black "Zivkovic,Vj"]
[Result "1/2-1/2"]
[WhiteElo "2056"]
[BlackElo "2429"]

1.d4 Nf6 2.c4 g6 3.Nc3 Bg7 4.e4 d6 5.Nf3 O-O 6.Be2 e5 7.O-O Nc6 8.d5 Ne7
9.Nd2 a5 10.a3 Nd7 11.Rb1 f5 12.b4 Kh8 13.Qc2 Ng8 14.Nb5 axb4 15.axb4 Ndf6
16.f3 c6 17.dxc6 bxc6 18.Nc3 d5 19.cxd5 cxd5 20.exd5 Ne7 21.d6 Qxd6 22.Nc4 Qb8
23.Be3 Nc6  1/2-1/2

[Event "ch-Panamerican U20"]
[Site "Cali COL"]
[Date "2008.06.13"]
[Round "6"]
[White "Fernandez,Fe"]
[Black "Cori,J"]
[Result "1/2-1/2"]
[WhiteElo "2231"]
[BlackElo "2377"]

1.d4 Nf6 2.c4 g6 3.Nc3 Bg7 4.e4 d6 5.Nf3 O-O 6.Be2 e5 7.O-O Nc6 8.d5 Ne7
9.b4 Nd7 10.Nd2 c5 11.Nb3 a5 12.Ba3 axb4 13.Bxb4 h6 14.Nd2 Nf5 15.Rc1 Kh7
16.g4 Bf6 17.Kg2 Qc7  1/2-1/2

[Event "ch-Panamerican U20 Girls"]
[Site "Cali COL"]
[Date "2008.06.14"]
[Round "8"]
[White "Aguilar,N"]
[Black "Rodriguez,So COL"]
[Result "1-0"]
[WhiteElo "1966"]
[BlackElo "1998"]

1.d4 Nf6 2.Nf3 g6 3.c4 Bg7 4.Nc3 d6 5.e4 O-O 6.Be2 e5 7.O-O Nc6 8.d5 Ne7
9.b4 Ne8 10.Nd2 f5 11.Bb2 f4 12.f3 g5 13.c5 h5 14.Qe1 Rf6 15.Kf2 Rh6 16.Rg1 Ng6
17.Qf1 g4 18.Ke1 Qh4+ 19.Qf2 Qxf2+ 20.Kxf2 Nf6 21.cxd6 cxd6 22.Nb5 a6 23.Nxd6 Bf8
24.Nxc8 Rxc8 25.Rac1 Rxc1 26.Rxc1 Bxb4 27.Nc4 Rh7 28.Nxe5 Nxe5 29.Bxe5 Bd2
30.Rc8+ Kf7 31.Rc7+ Kg6 32.Rxh7 Nxh7 33.fxg4 hxg4 34.Bxg4 Kf7 35.Bc8 b5 36.Bxa6 b4
37.Bc4 Nf8 38.Kf3 Ng6 39.Bb2 Ke7 40.Bb5 Kd6 41.a3 bxa3 42.Bxa3+  1-0

[Event "8th TCh-Euro U18"]
[Site "Szeged HUN"]
[Date "2008.06.14"]
[Round "1"]
[White "Bakos,B"]
[Black "Mader,Ma"]
[Result "1-0"]
[WhiteElo "2385"]
[BlackElo "2161"]

1.d4 Nf6 2.c4 g6 3.Nc3 Bg7 4.e4 d6 5.Nf3 O-O 6.Be2 e5 7.O-O Nc6 8.d5 Ne7
9.b4 Nh5 10.Re1 a5 11.bxa5 Rxa5 12.Nd2 Nf4 13.Bf1 Ra8 14.a4 f5 15.Nb3 Nh5
16.c5 dxc5 17.Nxc5 fxe4 18.Bc4 Kh8 19.N3xe4 b6 20.Ne6 Bxe6 21.dxe6 h6 22.a5 bxa5
23.Ba3 Re8 24.Bb5 c6 25.Nd6 Rf8 26.Nf7+ Rxf7 27.Qxd8+ Rxd8 28.exf7 cxb5 29.Bxe7 Ra8
30.Reb1 b4 31.Ra2 Bf8 32.Rxa5 Rc8 33.Bxf8 Rxf8 34.Rb5 Rxf7 35.Rxe5 Nf6 36.h3 Kg7
37.Re6 Nd5 38.Rd1 Nc3 39.Rdd6 Ne2+ 40.Kf1 Nf4 41.Re4 g5 42.Red4  1-0

[Event "White Nights Open"]
[Site "St Petersburg RUS"]
[Date "2008.06.22"]
[Round "2"]
[White "Biriukov,O"]
[Black "Gavriushov,A"]
[Result "1-0"]
[WhiteElo "2391"]
[BlackElo "2138"]

1.d4 g6 2.e4 Bg7 3.c4 d6 4.Nc3 Nf6 5.Be2 O-O 6.Nf3 e5 7.O-O Nc6 8.d5 Ne7
9.Ne1 Nd7 10.Nd3 f5 11.Bd2 Nf6 12.f3 f4 13.c5 g5 14.Rc1 Ng6 15.Nb5 Rf7 16.Ba5 dxc5
17.Nxc5 b6 18.Ne6 Bxe6 19.dxe6 Re7 20.Nxc7 bxa5 21.Nxa8 Qxa8 22.Ba6 Qf8 23.Qa4 h5
24.Rfd1 Kh7 25.Rc8 Re8 26.Rxe8 Nxe8 27.Qxa5 Nf6 28.b4 Qe7 29.Bc4 g4 30.Qc5 Qb7
31.Rd8 Nh4 32.Be2 a5 33.b5 Ng6 34.b6 Nxe4 35.Qc7 gxf3 36.Qxb7  1-0

[Event "XII Izmailov Mem"]
[Site "Tomsk RUS"]
[Date "2008.06.25"]
[Round "1"]
[White "Kaiyrbekov,R"]
[Black "Kovalev,Vit"]
[Result "1-0"]
[WhiteElo "2342"]
[BlackElo "1937"]

1.d4 Nf6 2.c4 g6 3.Nc3 Bg7 4.e4 d6 5.Nf3 O-O 6.Be2 e5 7.O-O Nc6 8.Be3 exd4
9.Nxd4 Nd7 10.Rc1 Re8 11.Qd2 Nc5 12.f3 Ne6 13.Nc2 a5 14.Rfd1 Qh4 15.Na3 Be5
16.h3 Nf4 17.Qe1 Qg5 18.Bxf4 Bxf4 19.Kh1 Bxc1 20.Rxc1 Nd4 21.Rd1 Ne6 22.Bf1 Bd7
23.Nd5 Bc6 24.Nb5 Bxb5 25.cxb5 b6 26.Qc3 Red8 27.Nf6+ Kh8 28.Ng4+ Ng7 29.Qxc7 h5
30.Nh2 d5 31.f4 Qf6 32.Rxd5 Rxd5 33.exd5 Nf5 34.Nf3 Re8 35.Kg1 Ne3 36.Qc6 Qxc6
37.dxc6 Nxf1 38.Kxf1 f6 39.Nd2 Kg8 40.Nc4 Re4 41.Nxb6 Rxf4+ 42.Kg1  1-0

[Event "12th North American FIDE Inv"]
[Site "Chicago USA"]
[Date "2008.06.27"]
[Round "9"]
[White "Young,A PHI"]
[Black "Yuan Yuanling"]
[Result "1/2-1/2"]
[WhiteElo "2381"]
[BlackElo "2119"]

1.d4 Nf6 2.c4 g6 3.Nc3 Bg7 4.e4 d6 5.Be2 O-O 6.Nf3 e5 7.O-O Nc6 8.d5 Ne7
9.h3 Ne8 10.Nh2 Nf6 11.Nf3 Ne8 12.Nh2 Nf6 13.Nf3 Ne8 14.Nh2 Nf6  1/2-1/2

[Event "Duras GM Teplarny"]
[Site "Brno CZE"]
[Date "2008.06.28"]
[Round "3"]
[White "Polak,T"]
[Black "Chytilek,R"]
[Result "1-0"]
[WhiteElo "2553"]
[BlackElo "2390"]

1.d4 Nf6 2.c4 g6 3.Nc3 Bg7 4.e4 O-O 5.Nf3 d6 6.Be2 e5 7.O-O Nc6 8.d5 Ne7
9.b4 Nh5 10.Re1 f5 11.Ng5 Nf6 12.Bf3 Rb8 13.Bb2 h6 14.Ne6 Bxe6 15.dxe6 Qc8
16.Nd5 Qxe6 17.Nxc7 Qd7 18.c5 fxe4 19.cxd6 Nf5 20.Be2 Qxd6 21.Qxd6 Nxd6 22.Red1 Nf5
23.Bxe5 Ne8 24.Bxg7 Nexg7 25.Rd7 Rf6 26.Rad1 h5 27.Nd5 Rf7 28.Rxf7 Kxf7 29.Bc4 Nd6
30.Bb3 Ngf5 31.Rc1 Kg7 32.Rc7+ Kh6 33.g3 Nd4 34.Rd7 N6f5 35.Nf6 Nxb3 36.Rh7+ Kg5
37.Nxe4+ Kg4 38.axb3 Nd4 39.Rf7 Nf5 40.Kg2  1-0

[Event "XII Izmailov Mem"]
[Site "Tomsk RUS"]
[Date "2008.06.28"]
[Round "4"]
[White "Klimov,A"]
[Black "Bondarenko,E"]
[Result "1/2-1/2"]
[WhiteElo "2394"]
[BlackElo "2206"]

1.d4 Nf6 2.c4 g6 3.Nc3 Bg7 4.e4 d6 5.Nf3 O-O 6.Be2 e5 7.O-O Nc6 8.d5 Ne7
9.a4 a5 10.Ne1 Nd7 11.Nd3 f5 12.f3 f4 13.b3 g5 14.Ba3 b6 15.b4 axb4 16.Bxb4 Nc5
17.a5 c6 18.Na4 Nxd3 19.Qxd3 bxa5 20.Bc3 cxd5 21.cxd5 Ba6 22.Qd2 Bxe2 23.Qxe2 Qc7
24.Rfb1 Rfb8 25.h3 Bf6 26.Be1 Nc8 27.Rc1 Qd7 28.Rc6 Bd8 29.Kh2 Na7 30.Rc4 h5
31.Rac1 Rb7 32.Rc6 Rab8 33.Qa6 Nb5 34.Bf2 Nc7 35.Qxa5 g4 36.Bg1 Na8 37.Qd2 gxf3
38.gxf3 Rb4 39.R1c4 Rxa4 40.Rxa4 Rb7  1/2-1/2

[Event "International Open"]
[Site "Philadelphia USA"]
[Date "2008.06.29"]
[Round "6"]
[White "Castaneda,N"]
[Black "Widmaier,M"]
[Result "1-0"]
[WhiteElo "2314"]
[BlackElo "2062"]

1.Nf3 g6 2.c4 Bg7 3.Nc3 Nf6 4.e4 d6 5.d4 O-O 6.Be2 e5 7.O-O Nc6 8.d5 Ne7
9.b4 Nh5 10.g3 f5 11.Ng5 Nf6 12.f3 h6 13.Ne6 Bxe6 14.dxe6 g5 15.Be3 f4 16.Bf2 Nc6
17.c5 Nd4 18.Bc4 Kh8 19.gxf4 gxf4 20.Bxd4 exd4 21.Nd5 Nxd5 22.exd5 Rf5 23.Qd3 Rh5
24.Rf2 Qh4 25.Rg2 Rg8 26.Qg6 d3 27.Kh1 d2 28.Rag1 Rg5 29.Rxg5 hxg5 30.e7 Qh3
31.Be2 g4 32.e8=Q  1-0

[Event "XII Izmailov Mem"]
[Site "Tomsk RUS"]
[Date "2008.06.29"]
[Round "5"]
[White "Usatov,V"]
[Black "Novikov,MiM"]
[Result "0-1"]
[WhiteElo "2158"]
[BlackElo "2240"]

1.Nf3 Nf6 2.c4 g6 3.Nc3 Bg7 4.e4 d6 5.d4 O-O 6.Be2 e5 7.O-O Nc6 8.d5 Ne7
9.b4 Nh5 10.Re1 f5 11.Ng5 Nf6 12.Bf3 h6 13.Ne6 Bxe6 14.dxe6 c6 15.Qb3 fxe4
16.Nxe4 Nxe4 17.Bxe4 Rf6 18.Qh3 Qb6 19.Be3 Qxb4 20.Rec1 b6 21.Rab1 Qa3 22.Rb3 Qxa2
23.Rd3 d5 24.cxd5 cxd5 25.Rd2 Qa3 26.Rxd5 Nxd5 27.Bxd5 Re8 28.e7+ Kh7 29.g4 Rf4
30.g5 h5 31.Rc6 Qd3 32.Bf3 Rxf3 33.Qxf3 Rxe7 34.Qh3 Qd1+ 35.Kg2 Qd5+  0-1

[Event "Svein Johannessen Mem"]
[Site "Oslo NOR"]
[Date "2008.06.30"]
[Round "6"]
[White "Grotnes,N"]
[Black "Sousa,H"]
[Result "1-0"]
[WhiteElo "2256"]
[BlackElo "2190"]

1.d4 Nf6 2.c4 g6 3.Nc3 Bg7 4.e4 d6 5.Be2 O-O 6.Nf3 e5 7.O-O Nc6 8.d5 Ne7
9.Ne1 Nd7 10.Nd3 f5 11.Bd2 Nf6 12.f3 f4 13.c5 g5 14.Rc1 Rf7 15.cxd6 cxd6
16.Nf2 Ng6 17.Nb5 Bf8 18.a4 h5 19.h3 Rg7 20.a5 Nh4 21.Rc3 g4 22.hxg4 hxg4
23.fxg4 Nh5 24.Rh3 Ng3 25.Re1 Qf6 26.Bf3 Rh7 27.Qb3 Qd8 28.Rc1 Bd7 29.Na3 Rc8
30.Rc4 a6 31.Bd1 Rxc4 32.Qxc4 Be7 33.Bb4 Rg7 34.Be1  1-0

[Event "XII Izmailov Mem"]
[Site "Tomsk RUS"]
[Date "2008.06.30"]
[Round "6"]
[White "Iskusnyh,S"]
[Black "Loskutov,O"]
[Result "0-1"]
[WhiteElo "2467"]
[BlackElo "2434"]

1.d4 Nf6 2.c4 g6 3.Nc3 Bg7 4.e4 d6 5.Be2 O-O 6.Nf3 e5 7.O-O Nc6 8.d5 Ne7
9.a4 a5 10.Ne1 Nd7 11.Nd3 f5 12.f3 Kh8 13.Be3 b6 14.Qb1 Ng8 15.b4 Bh6 16.Bf2 Ngf6
17.Qc2 axb4 18.Nxb4 Nc5 19.a5 Rxa5 20.Nc6 Rxa1 21.Nxd8 Rxf1+ 22.Bxf1 Rxd8
23.exf5 Bxf5 24.Qa2 Bd7 25.Nb5 Bxb5 26.cxb5 Kg7 27.g3 Rd7 28.Qa8 Re7 29.Qd8 Rd7
30.Qa8 Re7 31.Bh3 Bg5 32.Bxc5 dxc5 33.Be6 Be3+ 34.Kg2 c4 35.Qa3 Bc5 36.Qc3 Bd6
37.Qxc4 Nd7 38.g4 Nc5 39.g5 Re8 40.h4 Rf8 41.Qa2 Nd3 42.Bg4 Rf4 43.Qa1 Nb4
44.Be6 Nc2  0-1

[Event "Sparkassen Open"]
[Site "Dortmund GER"]
[Date "2008.07.01"]
[Round "3"]
[White "Goldenstein,A"]
[Black "Iseringhausen,M"]
[Result "1/2-1/2"]
[WhiteElo "2012"]
[BlackElo "1890"]

1.d4 Nf6 2.c4 g6 3.Nc3 Bg7 4.e4 d6 5.Nf3 O-O 6.Be2 e5 7.O-O Nc6 8.d5 Ne7
9.b4 Nh5 10.Be3 Nf4 11.Rc1 Nxe2+ 12.Qxe2 a5 13.a3 axb4 14.axb4 f5 15.Ra1 Rxa1
16.Rxa1 fxe4 17.Ng5 Nf5 18.Ra8 Qe7 19.Ngxe4 Nxe3 20.Qxe3 Bf5 21.Rxf8+ Qxf8
22.c5 Bh6 23.Qf3 Bxe4 24.Qxf8+ Kxf8 25.Nxe4 Ke7 26.Kf1 Bc1 27.Ke2 Ba3  1/2-1/2

[Event "ChInt Open"]
[Site "Paris FRA"]
[Date "2008.07.01"]
[Round "4"]
[White "Malakhatko,V"]
[Black "Moradiabadi,E"]
[Result "1/2-1/2"]
[WhiteElo "2621"]
[BlackElo "2499"]

1.d4 Nf6 2.c4 g6 3.Nc3 Bg7 4.e4 d6 5.Nf3 O-O 6.Be2 e5 7.O-O Nc6 8.d5 Ne7
9.b4 Nh5 10.Re1 f5 11.Ng5 Nf6 12.Bf3 c6 13.b5 h6 14.Ne6 Bxe6 15.dxe6 fxe4
16.Nxe4 Nxe4 17.Bxe4 d5 18.cxd5 cxd5 19.Ba3 dxe4 20.Qxd8 Rfxd8 21.Bxe7 Re8
22.Bc5 Rxe6 23.Be3 a6 24.b6 Bf6 25.a4 Kf7 26.Rac1 Rd8 27.g3 Red6 28.Kg2 h5
29.Rc4 R8d7 30.Rxe4 Bd8 31.Rb1 Ke6 32.Rc4 Rd1 33.Rb2 Ra1 34.h3 Rd6 35.Kf3 Kf5
36.Rb3 Ra2 37.Rbb4 Ra1 38.Rb3 Ra2 39.Rbb4  1/2-1/2

[Event "Sparkassen Open"]
[Site "Dortmund GER"]
[Date "2008.07.02"]
[Round "4"]
[White "Overbeck,T"]
[Black "Markgraf,J"]
[Result "1-0"]
[WhiteElo "2185"]
[BlackElo "2048"]

1.d4 Nf6 2.c4 g6 3.Nc3 Bg7 4.e4 d6 5.Be2 O-O 6.Nf3 e5 7.O-O Nc6 8.d5 Ne7
9.Ne1 Nd7 10.Nd3 f5 11.Bd2 f4 12.Bg4 b6 13.b4 Ba6 14.Nb2 Nf6 15.Be6+ Kh8
16.f3 g5 17.g3 fxg3 18.hxg3 Bh6 19.Kg2 Bc8 20.Rh1 Neg8 21.Bxc8 Rxc8 22.g4 Qd7
23.Qa4 Qf7 24.Raf1 Bg7 25.Qd1 c6 26.dxc6 Rxc6 27.Be3 Ne7 28.Ne2 Rxc4 29.Nxc4 Qxc4
30.Ng3 d5 31.Qb3 Qc6 32.b5 Qb7 33.Bxg5 dxe4 34.fxe4 Ng6 35.Qe6 Nxe4 36.Rxh7+ Kxh7
37.Rh1+ Bh6 38.Rxh6+ Kg7 39.Qxg6+  1-0

[Event "Duras IM Dopravni"]
[Site "Brno CZE"]
[Date "2008.07.03"]
[Round "8"]
[White "Kozak,Mi"]
[Black "Narayanan,Sr"]
[Result "1/2-1/2"]
[WhiteElo "2197"]
[BlackElo "2220"]

1.d4 Nf6 2.c4 g6 3.Nc3 Bg7 4.e4 d6 5.Nf3 O-O 6.Be2 e5 7.O-O Nc6 8.d5 Ne7
9.b4 Nh5 10.Re1 a5 11.bxa5 Rxa5 12.Nd2 Nf4 13.Rf1 Ra8 14.a4 c5 15.Ra3 Nh5
16.Nb5 Nf6 17.g3 Ra6 18.f4 Nd7 19.Nf3 f6  1/2-1/2

[Event "Sparkassen Open"]
[Site "Dortmund GER"]
[Date "2008.07.03"]
[Round "6"]
[White "Overbeck,T"]
[Black "Ebert,Manu"]
[Result "1/2-1/2"]
[WhiteElo "2185"]
[BlackElo "2111"]

1.d4 Nf6 2.c4 g6 3.Nc3 Bg7 4.e4 d6 5.Be2 O-O 6.Nf3 e5 7.O-O Nc6 8.d5 Ne7
9.Ne1 Nd7 10.Nd3 f5 11.Bd2 Nf6 12.f3 f4 13.c5 g5 14.cxd6 cxd6 15.Nf2 Ng6
16.Qc2 a6 17.a4 h5 18.h3 Qe8 19.Rfc1 Nh4 20.Qd1 Bd7  1/2-1/2